Prognostika od A do Z

Salvato in:
Dettagli Bibliografici
Autore principale: Šulc, Ota (Autore)
Natura: Libro
Lingua:ceco
Pubblicazione: Praha : SNTL, 1987
Tags: Aggiungi Tag
Nessun Tag, puoi essere il primo ad aggiungerne!!

MARC

LEADER 00000nam a22000003a 4500
001 stu19979
005 20150617225751.7
008 ------s1987----cs------------------cze-d
040 |a STU  |b slo 
041 0 |a cze 
044 |a cs 
080 |a 338.27 
100 1 |a Šulc, Ota  |4 aut 
245 1 |a Prognostika od A do Z 
260 |a Praha :  |b SNTL,  |c 1987 
300 |a 210 s :  |b Tab.,grafy,lit.,index 
996 |b C78990  |c C*78990  |l CCVI  |s P  |a 0  |w stu19979_0001 
996 |b C79091  |c C*79091  |l CCXIV  |s P  |a 0  |w stu19979_0002